000 00460nam a2200145Ia 4500
041 _aArabic
082 _a260.59 cut-498 ك
100 _a20260118u\\\\\\\\\\\y0engy0103\\\\ba
100 _aفاروق عبدالله كريم
245 0 _aالاستحسان ونماذج من تطبيقاته في الفقه الاسلامي
250 _aط1
260 _bدار الكتب العلمية
_aبيروت - لبنان
_c2012
300 _a480
942 _cBk
999 _c190250
_d190250